000 00583nmm a2200193Ia 4500
008 251105s9999||||xx |||||||||||||||||und||
020 _a9789681661328
041 _aspa
100 _aHinojosa, Francisco
245 2 _aA golpe de calcetín
264 _a[México D.C., Mexico] :
_bFondo de Cultura Económica,
_c2013
300 _a46 páginas
490 _aA la Orilla del Viento
650 _aAges 9-12 Years Old
700 _aHinojosa, Francisco
700 1 _a Barajas Durán "El Fisgón", Rafael
856 _uhttps://public.digitaliapublishing.com/a/43290
942 _cCF
999 _c66914
_d66914